000 00922nam a22002651u 4500
001 05428
003 HDC
007 cr bn ---
008 210120p xx fo d 00 engg
040 _aHDC
100 _aTieman, Marco
_9653
245 4 _aThe Building Blocks of a Sustainable Halal Food System :
_bA cluster approach /
_cby Marco Tieman
260 _a[No place] :
_b[publisher not identified],
_c2009
300 _a31 pages :
_bIllustrations
336 _atext
_2rdacontent
337 _acomputer
_2rdamedia
338 _aonline resource
_2rdacarrier
650 _aHalal food system
_zMalaysia
_95666
650 _aHalal industry
_9144
650 _aHalal products
_9642
856 _zRequest full-text at [email protected]
942 _2lcc
942 _cSLIDE
942 _kSLID 000410
999 _c2752
_d2752